Первые навыки академического английского: чтение и письмо (Запись № 11090963)
[ простой вид ]
| 000 -МАРКЕР | |
|---|---|
| контрольное поле | 02754nam0a2200373 4500 |
| 001 - ИДЕНТИФИКАТОР ЗАПИСИ | |
| контрольное поле | RU\NLR\BIBL_A\011940850 |
| 005 - ИДЕНТИФИКАТОР ВЕРСИИ | |
| контрольное поле | 20190311115658.0 |
| 010 ## - МЕЖДУНАРОДНЫЙ СТАНДАРТНЫЙ НОМЕР КНИГИ (ISBN) | |
| Номер (ISBN) | 978-5-9228-1987-9 |
| Тираж | 100 |
| 021 ## - НОМЕР ГОСУДАРСТВЕННОЙ РЕГИСТРАЦИИ | |
| Код страны | Российская Федерация |
| Номер | КН-П-19-002416 |
| Номер Листа государственной регистраци | КН-П-19-0168 |
| 035 ## - ДРУГИЕ СИСТЕМНЫЕ НОМЕРА | |
| Идентификатор записи | (NLR Aleph) 011940850 |
| 035 ## - ДРУГИЕ СИСТЕМНЫЕ НОМЕРА | |
| Идентификатор записи | (RuMoRGB)009866874 |
| 100 ## - ДАННЫЕ ОБЩЕЙ ОБРАБОТКИ | |
| Данные общей обработки | 20190219d2018 u y0rusy50 ca |
| 101 0# - ЯЗЫК РЕСУРСА | |
| Язык текста, звукозаписи и т.д. | русский |
| -- | английский |
| 102 ## - СТРАНА ПУБЛИКАЦИИ ИЛИ ПРОИЗВОДСТВА | |
| Страна публикации | Российская Федерация |
| 105 ## - ПОЛЕ КОДИРОВАННЫХ ДАННЫХ: ТЕКСТОВЫЕ МАТЕРИАЛЫ, МОНОГРАФИЧЕСКИЕ | |
| Кодированные данные о монографическом текстовом документе | y|||j|||000zy |
| 200 1# - ЗАГЛАВИЕ И СВЕДЕНИЯ ОБ ОТВЕТСТВЕННОСТИ | |
| Основное заглавие | Первые навыки академического английского: чтение и письмо |
| Параллельное заглавие | First skills in academic English: reading and writing |
| Сведения, относящиеся к заглавию | учебное пособие |
| -- | уровни А2-В1 |
| -- | [для студентов бакалавриата факультета международного бизнеса и делового администрирования МГИМО МИД России] |
| Первые сведения об ответственности | Федеральное государственное автономное образовательное учреждение высшего образования "Московский государственный институт международных отношений (университет) Министерства иностранных дел Российской Федерации", Кафедра английского языка № 4 |
| Последующие сведения об ответственности | [С. Г. Незговорова и др.] |
| -- | под редакцией А. Д. Самигуллиной |
| Язык параллельного заглавия | английский |
| 210 ## - ПУБЛИКАЦИЯ, РАСПРОСТРАНЕНИЕ И ДР. | |
| Место издания, распространения и т.д. | Москва |
| Имя издателя, распространителя и т. д. | МГИМО-Университет |
| Дата издания, распространения и т.д. | 2018 |
| 215 ## - ФИЗИЧЕСКАЯ ХАРАКТЕРИСТИКА | |
| Специфическое обозначение материала и объем | 350, [1] с. |
| Другие сведения о физической характеристике | ил., табл. |
| Размеры | 29 |
| 300 ## - ОБЩИЕ ПРИМЕЧАНИЯ | |
| Текст примечания | Загл. обл. и корешка: Первые навыки академического английского |
| 320 ## - ПРИМЕЧАНИЯ О НАЛИЧИИ В ДОКУМЕНТЕ БИБЛИОГРАФИИ / УКАЗАТЕЛЯ | |
| Текст примечания | Библиогр.: с. 347-348 (25 назв.) |
| 510 1# - ПАРАЛЛЕЛЬНОЕ ЗАГЛАВИЕ | |
| Параллельное заглавие | First skills in academic English: reading and writing |
| Язык заглавия | английский |
| 512 1# - ЗАГЛАВИЕ ОБЛОЖКИ | |
| Заглавие обложки | Первые навыки академического английского |
| 606 1# - НАИМЕНОВАНИЕ ТЕМЫ КАК ПРЕДМЕТ | |
| Наименование темы | Английский язык |
| Тематический подзаголовок | Учебные издания для специалистов в области международного бизнеса |
| Системный номер авторитетной/нормативной записи | 2135049 |
| Идентификатор авторитетной/нормативной записи | RU\NLR\AUTH\661591834 |
| 686 1# - ИНДЕКСЫ ДРУГИХ КЛАССИФИКАЦИЙ | |
| Индекс | Ш143.21-93рус329.3 |
| 702 #1 - ИМЯ ЛИЦА - ВТОРИЧНАЯ ОТВЕТСТВЕННОСТЬ | |
| Начальный элемент ввода | Незговорова |
| Часть имени, кроме начального элемента ввода | С. Г. |
| Расширение инициалов личного имени | Светлана Германовна |
| Код отношения | Составитель |
| 702 #1 - ИМЯ ЛИЦА - ВТОРИЧНАЯ ОТВЕТСТВЕННОСТЬ | |
| Начальный элемент ввода | Самигуллина |
| Часть имени, кроме начального элемента ввода | А. Д. |
| Расширение инициалов личного имени | Анна Дамировна |
| Код отношения | Редактор |
| 712 02 - НАИМЕНОВАНИЕ ОРГАНИЗАЦИИ - ВТОРИЧНАЯ ОТВЕТСТВЕННОСТЬ | |
| Код отношения | Прочие |
| Начальный элемент ввода | Московский государственный институт международных отношений |
| Структурное подразделение | Кафедра английского языка |
| Идентифицирующий признак | 4 |
| Системный номер авторитетной/нормативной записи | 576638 |
| Идентификатор авторитетной/нормативной записи | RU\NLR\AUTH\8810038874 |
| 942 ## - ДОПОЛНИТЕЛЬНЫЕ ЭЛЕМЕНТЫ ЗАПИСИ (АБИС) | |
| Тип экземпляра АБИС | Книга |
| 980 ## - КОЛЛЕКЦИЯ | |
| Название коллекции | НБР |
| 980 ## - КОЛЛЕКЦИЯ | |
| Название коллекции | Национальная библиография |
Нет доступных экземпляров.